| 000 | 00622nam a2200193 a 4500 | ||
|---|---|---|---|
| 001 | 000035816 | ||
| 005 | 20200930074633.0 | ||
| 008 | 111114s1953 es 000 0 spa d | ||
| 040 |
_aDO-SdBNP _bspa _cBNPHU |
||
| 100 | 1 |
_aFilloux, Jean Claude, _d1921- _961773 |
|
| 245 | 1 | 3 |
_aEl inconsciente / _cJean C- Filloux ; versión española de J. E. Cirlot. |
| 260 |
_aBarcelona : _bSalvat Editores, _c1953. |
||
| 300 | _a148 p. | ||
| 490 | 1 |
_aSurco _v85 _aB |
|
| 590 | _aPerteneció a la biblioteca personal de Juan Isidro Jimenes Grullón. | ||
| 700 | 1 |
_aCirlot, J. E. _961774 |
|
| 830 | 0 |
_aSurco _v85 _pB _961775 |
|
| 049 | _aBNPD | ||
| 999 |
_c35307 _d35307 |
||